000 01029nam a22003497a 4500
001 BR0906432
003 BR-BrBNA
005 20230928103136.0
007 ta
008 230509b bl.||||| |||| 00| 0 por d
040 _aBR-BrBNA
_bpor
_cBiblioteca Nacional de Agricultura
041 _a(Por)
072 _aE14; E70
_b0180
090 _ 0180 BR0906432
100 1 _aParo, H.(coord.)
100 1 _aSimião, A.S.(coord.)
110 1 _aEmpresa Mato-Grossense de Pesquisa, Assistência e Extensão Rural, Cuiabá, MT (Brasil)
_94242
111 1 _a1. Seminário de Trigo de Mato Grosso
_cCuiabá, MT (Brazil)
_d2003
245 1 _a1. Seminário de Trigo do Mato Grosso
260 3 _aCuiabá, MT (Brasil):
_c2003.
300 _a54 p.
500 _a20 tables
650 _aTRIGO
650 _aPOLÍTICAS PÚBLICAS
650 _aCONSUMO
650 _aIMPORTAÇÃO
650 _aCOMERCIALIZAÇÃO
650 _aZONEAMENTO AGRÍCOLA
650 _aMATO GROSSO
909 _a202309
_bLucia
_c55
_dLucia Elande
942 _cBK
999 _c73895
_d73895